[Event "GER-ch Seniors 65 34th"]
[Site "Magdeburg"]
[Date "2022.08.14"]
[Round "3"]
[White "Schulz, Michael"]
[Black "Neese, Hans Joachim"]
[Result "1/2-1/2"]
[WhiteElo "2217"]
[BlackElo "2059"]
[PlyCount "117"]
[EventDate "2022.08.12"]
[EventType "swiss"]
[EventRounds "9"]
[EventCountry "GER"]
[SourceTitle "CBM 209 Extra"]
[Source "ChessBase"]
[SourceDate "2022.09.30"]
[SourceVersion "1"]
[SourceVersionDate "2022.09.30"]
[SourceQuality "1"]

1. d4 d5 2. Bg5 c5 3. Nc3 f6 4. Bh4 e6 5. e3 Nc6 6. Bb5 Bd7 7. Nge2 Qb6 8. a4 a5 9. 0-0 Nge7 10. dxc5 Qxc5 11. Nd4 Rd8 12. Bg3 e5 13. Nb3 Qd6 14. Ne4 Qc7 15. Nec5 Bc8 16. Nd4 Rd6 17. Re1 Kf7 18. Nf3 Nf5 19. Bxc6 Qxc6 20. Nd3 Qe8 21. e4 Nxg3 22. hxg3 d4 23. Nh4 g6 24. f4 Kg7 25. Qd2 b6 26. fxe5 fxe5 27. Qg5 Re6 28. Nf5+ Kg8 29. Nh6+ Bxh6 30. Qxh6 Qf8 31. Qg5 Qe7 32. Qh6 Qf8 33. Qh4 Qe7 34. Qh6 Qf8 35. Qd2 Qe7 36. Rf1 Kg7 37. Rf3 Rf8 38. Raf1 Rxf3 39. Rxf3 Bb7 40. Nf2 Bc6 41. b3 Qb7 42. Ng4 Qe7 43. Nh6 Be8 44. g4 Qh4 45. Rh3 Qf6 46. g5 Qf4 47. Qxf4 exf4 48. Ng4 Bc6 49. Nf6 h5 50. gxh6+ Kh8 51. e5 Rxe5 52. Rd3 Re6 53. Ng4 Re2 54. Nf6 Re6 55. Ng4 Re2 56. Nf2 Kh7 57. Rxd4 Rxc2 58. Rxf4 Kxh6 59. Rf6 1/2-1/2

[Event "MVP-ch Seniors op 19th"]
[Site "Ostseebad Binz"]
[Date "2019.12.05"]
[Round "9"]
[White "Neese, Hans Joachim"]
[Black "Kube, Hannelore"]
[Result "1/2-1/2"]
[WhiteElo "2082"]
[BlackElo "1890"]
[PlyCount "28"]
[EventDate "2019.11.27"]
[EventType "swiss"]
[EventRounds "9"]
[EventCountry "GER"]
[SourceTitle "EXT 2021"]
[Source "ChessBase"]
[SourceDate "2020.10.23"]
[SourceVersion "1"]
[SourceVersionDate "2020.10.23"]
[SourceQuality "1"]

1. d4 d5 2. Nf3 Nf6 3. Bf4 e6 4. e3 Be7 5. h3 Nbd7 6. Bd3 c5 7. c3 0-0 8. Nbd2 b6 9. 0-0 Bb7 10. Rc1 Ne4 11. Bb1 f5 12. Ne5 Nxe5 13. Bxe5 Ba6 14. Re1 Bd6 1/2-1/2

[Event "Mittelrhein Verbandsliga Sued 1920"]
[Site "Mittelrhein"]
[Date "2019.11.17"]
[Round "3.6"]
[White "Neese, Hans Joachim"]
[Black "Vulic, Goran"]
[Result "1-0"]
[WhiteElo "1987"]
[BlackElo "1795"]
[PlyCount "109"]
[EventDate "2019.09.29"]
[EventType "team-tourn"]
[EventRounds "9"]
[EventCountry "GER"]
[SourceTitle "EXT 2023"]
[Source "ChessBase"]
[SourceDate "2022.10.05"]
[SourceVersion "1"]
[SourceVersionDate "2022.10.05"]
[SourceQuality "1"]
[WhiteTeam "Hennef"]
[BlackTeam "Bruehl III"]
[WhiteTeamCountry "GER"]
[BlackTeamCountry "GER"]

1. d4 d5 2. Nf3 Nf6 3. c4 c6 4. Qc2 e6 5. e3 Bd6 6. Nc3 0-0 7. Bd3 Nbd7 8. 0-0 b6 9. Re1 Bb7 10. a3 Qc7 11. b4 dxc4 12. Bxc4 c5 13. Nb5 Qb8 14. Nxd6 Qxd6 15. dxc5 bxc5 16. Rd1 Qc7 17. Be2 Rac8 18. Bb2 Qb6 19. Qa4 Bc6 20. b5 Bd5 21. Nd2 Qb7 22. f3 Qb6 23. Nc4 Bxc4 24. Bxc4 Qc7 25. Be2 Nb6 26. Qh4 Nbd5 27. e4 Nf4 28. Bc4 Ng6 29. Qg3 e5 30. Qf2 Rfd8 31. g3 Rd6 32. a4 Rcd8 33. Rxd6 Rxd6 34. Rc1 Nd7 35. Qc2 Qa5 36. Bc3 Qd8 37. a5 Nf6 38. Qb3 Qd7 39. Rb1 h5 40. b6 axb6 41. axb6 Qb7 42. Ba5 h4 43. Rd1 Rd4 44. Rxd4 exd4 45. Bd5 Nxd5 46. Qxd5 Qxd5 47. exd5 Ne5 48. b7 Nd7 49. Bb6 d3 50. Kf2 c4 51. Ke3 Kf8 52. Ba7 hxg3 53. hxg3 g5 54. b8Q+ Nxb8 55. Bxb8 1-0

[Event "Mittelrhein Verbandsliga Sued 1920"]
[Site "Mittelrhein"]
[Date "2019.10.27"]
[Round "2.6"]
[White "Leontiev, Oleg"]
[Black "Neese, Hans Joachim"]
[Result "0-1"]
[WhiteElo "1990"]
[BlackElo "1987"]
[PlyCount "42"]
[EventDate "2019.09.29"]
[EventType "team-tourn"]
[EventRounds "9"]
[EventCountry "GER"]
[SourceTitle "EXT 2023"]
[Source "ChessBase"]
[SourceDate "2022.10.05"]
[SourceVersion "1"]
[SourceVersionDate "2022.10.05"]
[SourceQuality "1"]
[WhiteTeam "Sankt Augustin Turm"]
[BlackTeam "Hennef"]
[WhiteTeamCountry "GER"]
[BlackTeamCountry "GER"]

1. d4 Nf6 2. Nf3 d5 3. e3 Bf5 4. Be2 h6 5. 0-0 Nbd7 6. b3 c6 7. c4 e6 8. Bb2 Be7 9. Nbd2 0-0 10. Ne5 Ne4 11. f4 Nxd2 12. Qxd2 Nf6 13. b4 Ne4 14. Qe1 f6 15. Nf3 a5 16. c5 axb4 17. Qxb4 b6 18. Qe1 bxc5 19. dxc5 Bxc5 20. Bd4 Bd6 21. Nd2 Bb4 0-1

[Event "Bodensee Seniors op 5th"]
[Site "Bregenz"]
[Date "2019.05.30"]
[Round "5"]
[White "Bauder, Herbert"]
[Black "Neese, Hans Joachim"]
[Result "0-1"]
[WhiteElo "1927"]
[BlackElo "2088"]
[PlyCount "78"]
[EventDate "2019.05.26"]
[EventType "swiss"]
[EventRounds "7"]
[EventCountry "AUT"]
[SourceTitle "CBM 190 Extra"]
[Source "ChessBase"]
[SourceDate "2019.07.15"]
[SourceVersion "1"]
[SourceVersionDate "2019.07.15"]
[SourceQuality "1"]

1. d4 Nf6 2. Nf3 e6 3. c4 d5 4. Nc3 Be7 5. Bg5 h6 6. Bxf6 Bxf6 7. cxd5 exd5 8. Qb3 c6 9. e3 Nd7 10. Be2 0-0 11. 0-0 Qb6 12. Qc2 Re8 13. Na4 Qc7 14. b4 a6 15. Rac1 Qd6 16. Nc5 Nxc5 17. bxc5 Qc7 18. h3 Qe7 19. Bd3 g6 20. Rb1 Bg7 21. Rfe1 f5 22. Rb3 Rf8 23. Qb1 Rf7 24. h4 Be6 25. g3 Raf8 26. Re2 Bc8 27. Nh2 g5 28. hxg5 hxg5 29. f4 Re8 30. Nf3 g4 31. Ne5 Bxe5 32. fxe5 Qg5 33. Qc1 Rh7 34. Rh2 Rxh2 35. Kxh2 Kf7 36. Bf1 Rh8+ 37. Kg1 Qh5 38. Bg2 Qh2+ 39. Kf1 Qh1+ 0-1

[Event "Bodensee Seniors op 5th"]
[Site "Bregenz"]
[Date "2019.05.27"]
[Round "2"]
[White "Vilerte, Tamara"]
[Black "Neese, Hans Joachim"]
[Result "0-1"]
[WhiteElo "1963"]
[BlackElo "2088"]
[PlyCount "144"]
[EventDate "2019.05.26"]
[EventType "swiss"]
[EventRounds "7"]
[EventCountry "AUT"]
[SourceTitle "CBM 190 Extra"]
[Source "ChessBase"]
[SourceDate "2019.07.15"]
[SourceVersion "1"]
[SourceVersionDate "2019.07.15"]
[SourceQuality "1"]

1. Nf3 d5 2. d4 Bf5 3. c4 c6 4. Nc3 e6 5. a4 a5 6. cxd5 exd5 7. Bf4 Na6 8. e3 Nb4 9. Rc1 h6 10. Ne5 Nf6 11. Bd3 Nxd3+ 12. Nxd3 Qb6 13. 0-0 Be7 14. Ne2 0-0 15. b3 Rad8 16. Nc5 Ne4 17. Ng3 Bg6 18. Nd3 Nf6 19. Nc5 Rfe8 20. Re1 Kh7 21. f3 Bf8 22. Nf1 Nd7 23. Nxd7 Rxd7 24. Re2 Bb4 25. Bg3 Qa6 26. Bf2 f5 27. Ra2 Rf7 28. f4 Rfe7 29. h3 Re6 30. Rac2 R8e7 31. Rb1 Bf7 32. Ng3 g6 33. Qf1 Qa8 34. Qd3 Qe8 35. Re2 Bd6 36. Rbb2 Bg8 37. Kf1 Kh8 38. Kg1 Bh7 39. h4 Rf7 40. Nf1 Be7 41. Nh2 g5 42. hxg5 hxg5 43. Nf3 gxf4 44. Ne5 fxe3 45. Nxf7+ Qxf7 46. Rxe3 f4 47. Rh3 Kg8 48. Qd1 Bf8 49. Qh5 Qg7 50. Rd2 Be4 51. Bh4 Rg6 52. Qe2 Bb4 53. Ra2 Qxd4+ 54. Kh2 Bc5 55. Qf1 f3 56. g3 Bf5 57. g4 Rxg4 58. Bg3 Qc3 59. Rf2 Be4 60. Rh4 Qg7 61. Rxf3 Rxh4+ 62. Bxh4 Bxf3 63. Qxf3 Qg1+ 64. Kh3 Qe3 65. Qxe3 Bxe3 66. Bd8 Bd2 67. Kg4 Kf7 68. Kf5 Bc3 69. Kf4 Ke6 70. Ke3 Bb4 71. Kd3 c5 72. Bh4 Kd7 0-1

[Event "Bodensee Seniors op 5th"]
[Site "Bregenz"]
[Date "2019.05.26"]
[Round "1"]
[White "Neese, Hans Joachim"]
[Black "Hager, Eberhard"]
[Result "1/2-1/2"]
[WhiteElo "2088"]
[BlackElo "1732"]
[PlyCount "83"]
[EventDate "2019.05.26"]
[EventType "swiss"]
[EventRounds "7"]
[EventCountry "AUT"]
[SourceTitle "CBM 190 Extra"]
[Source "ChessBase"]
[SourceDate "2019.07.15"]
[SourceVersion "1"]
[SourceVersionDate "2019.07.15"]
[SourceQuality "1"]

1. d4 Nf6 2. Nf3 e6 3. c4 d5 4. Nc3 c6 5. e3 Bd6 6. Qc2 Nbd7 7. b3 0-0 8. Bb2 h6 9. Be2 dxc4 10. bxc4 Re8 11. Rd1 Qe7 12. 0-0 a6 13. e4 e5 14. d5 cxd5 15. cxd5 Nc5 16. Nd2 b5 17. Rc1 Bg4 18. f3 Bd7 19. Nd1 Rec8 20. Qb1 Nh5 21. Re1 Nf4 22. Nf1 Na4 23. Rxc8+ Rxc8 24. Bc1 Bb4 25. Bd2 Bxd2 26. Nxd2 Qg5 27. Bf1 Nh3+ 28. Kh1 Qxd2 29. Ne3 Nf4 30. g3 Nh5 31. Qa1 Qb2 32. Qd1 Qd4 33. Qe2 Nf6 34. Rd1 Qb2 35. Rd2 Qa3 36. d6 Rc3 37. Nc2 Qxa2 38. Nb4 Qa3 39. Nxa6 Rxf3 40. Nb8 Re3 41. Nxd7 Nxd7 42. Qxb5 1/2-1/2

[Event "MVP-ch Seniors op 18th"]
[Site "Ostseebad Binz"]
[Date "2018.11.30"]
[Round "3"]
[White "Neese, Hans Joachim"]
[Black "Zoll, Detlef"]
[Result "1/2-1/2"]
[WhiteElo "2100"]
[BlackElo "1939"]
[PlyCount "110"]
[EventDate "2018.11.28"]
[EventType "swiss"]
[EventRounds "9"]
[EventCountry "GER"]
[SourceTitle "CBM 188 Extra"]
[Source "ChessBase"]
[SourceDate "2019.02.28"]
[SourceVersion "1"]
[SourceVersionDate "2019.02.28"]
[SourceQuality "1"]

1. d4 Nf6 2. Nf3 d6 3. c4 g6 4. Nc3 Bg7 5. h3 0-0 6. e4 Nbd7 7. Bd3 e5 8. d5 Nc5 9. Bc2 a5 10. 0-0 Bd7 11. Be3 b6 12. Qd2 Kh8 13. Kh2 Nh5 14. g4 Nf4 15. Bxf4 exf4 16. Qxf4 Qe7 17. Kg2 f6 18. Rae1 Rae8 19. Re2 g5 20. Qd2 Qf7 21. Nd4 h5 22. f3 Re5 23. Nd1 Qe8 24. Nf2 Kg8 25. Rfe1 h4 26. Nd1 Rf7 27. Ne3 Bf8 28. Nef5 Bxf5 29. Nxf5 Rh7 30. f4 gxf4 31. Qxf4 Qg6 32. Kh1 Bh6 33. Nxh4 Bxf4 34. Nxg6 Rxh3+ 35. Kg1 Rg3+ 36. Rg2 Re3 37. Ree2 Rf3 38. Nxe5 fxe5 39. b3 Be3+ 40. Kh1 Rf1+ 41. Kh2 Bf4+ 42. Kh3 Kg7 43. Rgf2 Rh1+ 44. Kg2 Rh2+ 45. Kg1 Rh3 46. Kg2 Rh2+ 47. Kg1 Rh3 48. Rf1 Rg3+ 49. Kf2 Rh3 50. Rg1 Kg6 51. Ke1 Kg5 52. Kd1 Be3 53. Rgg2 Rh1+ 54. Re1 Rh3 55. Rf1 Bf4 1/2-1/2

[Event "Mittelrhein Verbandsliga-S 18/19"]
[Site "Nordrheinwestfalen"]
[Date "2018.09.02"]
[Round "1.5"]
[White "Neese, Hans Joachim"]
[Black "Roski, Ferdinand"]
[Result "0-1"]
[WhiteElo "2015"]
[BlackElo "2083"]
[PlyCount "60"]
[EventDate "2018.09.02"]
[EventType "team-tourn"]
[EventRounds "11"]
[EventCountry "GER"]
[SourceTitle "EXT 2022"]
[Source "ChessBase"]
[SourceDate "2021.10.06"]
[SourceVersion "1"]
[SourceVersionDate "2021.10.06"]
[SourceQuality "1"]
[WhiteTeam "Hennef"]
[BlackTeam "Godesberg II"]
[WhiteTeamCountry "GER"]
[BlackTeamCountry "GER"]

1. d4 Nf6 2. Nf3 g6 3. c4 Bg7 4. g3 0-0 5. Bg2 d6 6. Nc3 Nbd7 7. 0-0 e5 8. e3 c6 9. b3 Re8 10. Bb2 e4 11. Nd2 d5 12. cxd5 cxd5 13. Rc1 a6 14. Na4 Nf8 15. Qc2 Ne6 16. Nc5 Ng5 17. f4 exf3 18. Nxf3 Nxf3+ 19. Rxf3 Bg4 20. Rf4 Rxe3 21. Nxb7 Qe7 22. Qc7 Re1+ 23. Rf1 Rxf1+ 24. Bxf1 Qe3+ 25. Kh1 Bf3+ 26. Bg2 Bxg2+ 27. Kxg2 Qe2+ 28. Kh3 Ne4 29. Qf4 Nf2+ 30. Kh4 Qh5# 0-1

[Event "MVP-ch Seniors op 17th"]
[Site "Binz"]
[Date "2017.12.03"]
[Round "5.23"]
[White "Pawlick, Helmut"]
[Black "Neese, Hans Joachim"]
[Result "0-1"]
[WhiteElo "1945"]
[BlackElo "2117"]
[PlyCount "94"]
[EventDate "2017.11.29"]
[EventType "swiss"]
[EventRounds "9"]
[EventCountry "GER"]
[SourceTitle "EXT 2019"]
[Source "ChessBase"]
[SourceDate "2018.10.10"]
[SourceVersion "1"]
[SourceVersionDate "2018.10.10"]
[SourceQuality "1"]

1. e4 c5 2. Nf3 d6 3. d4 cxd4 4. Nxd4 Nf6 5. Nc3 a6 6. f3 e5 7. Nb3 Be6 8. Be3 b5 9. Qd2 Nbd7 10. 0-0-0 Rc8 11. g4 Nb6 12. Kb1 Qc7 13. Bxb6 Qxb6 14. g5 Nd7 15. Nd5 Qd8 16. h4 Nb6 17. f4 Nxd5 18. exd5 Bf5 19. Bd3 Bxd3 20. Qxd3 f6 21. gxf6 gxf6 22. fxe5 fxe5 23. Qe2 Be7 24. Qh5+ Kd7 25. Qf5+ Kc7 26. Na5 Qd7 27. Qf2 Ra8 28. Nc6 Rhf8 29. Qd2 Rf4 30. h5 Bg5 31. b3 h6 32. Qc3 Kb7 33. Rhf1 Raf8 34. Rxf4 Rxf4 35. Qe1 Qc7 36. c4 Qb6 37. Nxe5 dxe5 38. Qxe5 bxc4 39. d6 cxb3 40. Qd5+ Ka7 41. axb3 Rf8 42. Qc4 Rb8 43. Rd3 Qg1+ 44. Ka2 Qf2+ 45. Ka3 Bf6 46. Qc1 Qb6 47. Qe1 a5 0-1

[Event "MVP-ch Seniors op 17th"]
[Site "Binz"]
[Date "2017.12.01"]
[Round "3.19"]
[White "Lewald, Stephan"]
[Black "Neese, Hans Joachim"]
[Result "1/2-1/2"]
[WhiteElo "1940"]
[BlackElo "2117"]
[PlyCount "21"]
[EventDate "2017.11.29"]
[EventType "swiss"]
[EventRounds "9"]
[EventCountry "GER"]
[SourceTitle "EXT 2019"]
[Source "ChessBase"]
[SourceDate "2018.10.10"]
[SourceVersion "1"]
[SourceVersionDate "2018.10.10"]
[SourceQuality "1"]

1. e4 c5 2. Nc3 Nc6 3. f4 g6 4. Nf3 Bg7 5. Bb5 a6 6. Bxc6 dxc6 7. d3 Nf6 8. 0-0 b6 9. Qe1 Qc7 10. Bd2 Bb7 11. Kh1 1/2-1/2

[Event "MVP-ch Seniors op 17th"]
[Site "Binz"]
[Date "2017.11.29"]
[Round "1.16"]
[White "Petrykowski, Reinhardt"]
[Black "Neese, Hans Joachim"]
[Result "1/2-1/2"]
[WhiteElo "1828"]
[BlackElo "2117"]
[PlyCount "78"]
[EventDate "2017.11.29"]
[EventType "swiss"]
[EventRounds "9"]
[EventCountry "GER"]
[SourceTitle "EXT 2019"]
[Source "ChessBase"]
[SourceDate "2018.10.10"]
[SourceVersion "1"]
[SourceVersionDate "2018.10.10"]
[SourceQuality "1"]

1. d4 Nf6 2. c4 e6 3. Nf3 b6 4. Bg5 h6 5. Bh4 Bb7 6. e3 g5 7. Bg3 Ne4 8. Nc3 Nxg3 9. hxg3 Bg7 10. Qc2 d6 11. Bd3 Nd7 12. Be4 c6 13. b4 Nf6 14. Bd3 Qe7 15. Rb1 Rc8 16. Ne4 Nxe4 17. Bxe4 f5 18. Bd3 Rc7 19. Qe2 0-0 20. Bc2 g4 21. Nh4 Qg5 22. Qd3 d5 23. c5 b5 24. a4 a6 25. axb5 axb5 26. Ra1 Rcf7 27. Ke2 e5 28. Ra7 Bc8 29. Rha1 exd4 30. Rxf7 Rxf7 31. Ra8 Rf8 32. Nxf5 Bxf5 33. Rxf8+ Kxf8 34. Qxf5+ Qxf5 35. Bxf5 dxe3 36. Bd7 Bc3 37. Bxc6 Bxb4 38. Bxb5 Bxc5 39. fxe3 Ke7 1/2-1/2

[Event "GER-chA Seniors 28th"]
[Site "Niederhausen"]
[Date "2016.08.16"]
[Round "4"]
[White "Walther, Reinhard"]
[Black "Neese, Hans Joachim"]
[Result "1-0"]
[WhiteElo "2054"]
[BlackElo "2131"]
[PlyCount "79"]
[EventDate "2016.08.13"]
[EventType "swiss"]
[EventRounds "9"]
[EventCountry "GER"]
[SourceTitle "EXT 2019"]
[Source "ChessBase"]
[SourceDate "2018.10.10"]
[SourceVersion "1"]
[SourceVersionDate "2018.10.10"]
[SourceQuality "1"]

1. d4 Nf6 2. Bg5 e6 3. Nd2 h6 4. Bh4 d5 5. e3 Nbd7 6. Bd3 c5 7. c3 Qb6 8. b3 e5 9. dxe5 Nxe5 10. Be2 Bf5 11. Ndf3 Ned7 12. Nd2 Be7 13. Ngf3 0-0 14. c4 Rfe8 15. cxd5 g5 16. Bg3 Nxd5 17. Nc4 Qb4+ 18. Qd2 b5 19. Nd6 Bxd6 20. Bxd6 Re6 21. Bg3 N7f6 22. Qxb4 Nxb4 23. 0-0 a6 24. a3 Nc6 25. a4 bxa4 26. Rxa4 Nb4 27. Bc4 Ree8 28. Ne5 Be6 29. f4 Bxc4 30. Nxc4 Ne4 31. Be1 Nd3 32. fxg5 hxg5 33. Nb6 Ra7 34. Nd5 Kg7 35. Nc3 Nf6 36. Nb5 Rd7 37. Rxa6 Nxe1 38. Raxf6 Rxe3 39. R6f5 Rxb3 40. Rxc5 1-0

[Event "WchT Seniors 65"]
[Site "Radebeul"]
[Date "2016.06.29"]
[Round "4.3"]
[White "Mentink, Toon"]
[Black "Neese, Hans Joachim"]
[Result "0-1"]
[WhiteElo "1853"]
[BlackElo "2159"]
[PlyCount "142"]
[EventDate "2016.06.26"]
[EventType "team-swiss"]
[EventRounds "9"]
[EventCountry "GER"]
[SourceTitle "CBM 173 Extra"]
[Source "ChessBase"]
[SourceDate "2016.08.29"]
[SourceVersion "1"]
[SourceVersionDate "2016.08.29"]
[SourceQuality "1"]
[WhiteTeam "Oranje III"]
[BlackTeam "Berlin"]
[WhiteTeamCountry "NED"]
[BlackTeamCountry "GER"]

1. Nf3 Nf6 2. c4 g6 3. Nc3 Bg7 4. g3 c6 5. Bg2 0-0 6. 0-0 d6 7. d3 e5 8. Bd2 h6 9. Rb1 a5 10. Qc2 Re8 11. Rbd1 Qc7 12. Qc1 Kh7 13. h3 Nbd7 14. e4 Nc5 15. Be3 b6 16. g4 Nfd7 17. Kh2 Ne6 18. Rh1 Nd4 19. Qd2 Nc5 20. Kg1 Qe7 21. Nh2 Nce6 22. f3 Qf6 23. Rf1 Nf4 24. Bxf4 exf4 25. Re1 Qe5 26. Rb1 a4 27. Kf2 g5 28. Rhd1 Qc5 29. Kf1 Be6 30. Qf2 Qa5 31. Kg1 b5 32. Bf1 b4 33. Ne2 Qc5 34. Kh1 Nxe2 35. Qxe2 Bd4 36. Qg2 Qe5 37. Rd2 Be3 38. Rdd1 d5 39. d4 Bxd4 40. exd5 Bd7 41. Bd3+ Kg7 42. Be4 c5 43. Nf1 f5 44. gxf5 Bxf5 45. Nd2 Bd7 46. d6 Ra6 47. Bd5 Rxd6 48. Ne4 Rxd5 49. cxd5 Qxd5 50. Rbc1 Rc8 51. a3 bxa3 52. bxa3 Qe6 53. Kh2 Be8 54. Qg4 Qxg4 55. hxg4 Be3 56. Rb1 Bc6 57. Kg2 Bd4 58. Nd6 Rd8 59. Nf5+ Kf7 60. Nxh6+ Ke6 61. Rb6 Rd6 62. Re1+ Be3 63. Rbb1 Rd2+ 64. Kh3 Bxf3 65. Rxe3+ fxe3 66. Nf5 e2 67. Ne3 Rd1 68. Rb6+ Kd7 69. Nc2 Be4 70. Rb2 Rh1+ 71. Kg3 Bxc2 0-1

[Event "WchT Seniors 65"]
[Site "Radebeul"]
[Date "2016.06.28"]
[Round "3.3"]
[White "Neese, Hans Joachim"]
[Black "Karasev, Vladimir I"]
[Result "0-1"]
[WhiteElo "2159"]
[BlackElo "2347"]
[PlyCount "70"]
[EventDate "2016.06.26"]
[EventType "team-swiss"]
[EventRounds "9"]
[EventCountry "GER"]
[SourceTitle "CBM 173 Extra"]
[Source "ChessBase"]
[SourceDate "2016.08.29"]
[SourceVersion "1"]
[SourceVersionDate "2016.08.29"]
[SourceQuality "1"]
[WhiteTeam "Berlin"]
[BlackTeam "St Petersburg"]
[WhiteTeamCountry "GER"]
[BlackTeamCountry "RUS"]

1. d4 Nf6 2. Nf3 d6 3. c4 c6 4. Nc3 Bg4 5. e4 Bxf3 6. Qxf3 e5 7. d5 Nbd7 8. Bd3 Be7 9. 0-0 0-0 10. Bc2 cxd5 11. cxd5 Rc8 12. Be3 b5 13. Rac1 a6 14. Bb1 Nb6 15. b3 Nfd7 16. Qg4 Nc5 17. Ne2 Qd7 18. Qxd7 Nbxd7 19. g3 b4 20. f3 a5 21. Rfd1 Bd8 22. Bd3 Bb6 23. Kf2 Nxd3+ 24. Rxd3 Rxc1 25. Nxc1 Rc8 26. Bxb6 Nxb6 27. Rd1 Rc2+ 28. Ne2 Rxa2 29. Rc1 Kf8 30. Rc6 Nd7 31. Rxd6 Nc5 32. Ke3 Nxb3 33. f4 f6 34. fxe5 fxe5 35. Re6 Rxe2+ 0-1

[Event "Bad Woerishofen Seniors op 32nd"]
[Site "Bad Woerishofen"]
[Date "2016.02.28"]
[Round "3"]
[White "Neese, Hans Joachim"]
[Black "Walther, Reinhard"]
[Result "1-0"]
[WhiteElo "2159"]
[BlackElo "2039"]
[PlyCount "79"]
[EventDate "2016.02.26"]
[EventType "swiss"]
[EventRounds "9"]
[EventCountry "GER"]
[SourceTitle "EXT 2019"]
[Source "ChessBase"]
[SourceDate "2018.10.10"]
[SourceVersion "1"]
[SourceVersionDate "2018.10.10"]
[SourceQuality "1"]

1. d4 d5 2. Nf3 Nf6 3. c4 c6 4. Nc3 dxc4 5. a4 Bf5 6. Ne5 Nbd7 7. Nxc4 Nb6 8. Ne5 a5 9. f3 Nfd7 10. Nd3 Bxd3 11. Qxd3 e5 12. e3 Bb4 13. Kf2 0-0 14. Be2 f5 15. Rd1 exd4 16. exd4 Qh4+ 17. Kg1 Bd6 18. f4 Rf6 19. Qg3 Qh6 20. Qg5 Qxg5 21. fxg5 Re6 22. Bf3 Rae8 23. Kf2 Bb4 24. d5 cxd5 25. Nxd5 Rd6 26. Bf4 Bc5+ 27. Kf1 Rc6 28. Nxb6 Rxb6 29. Rxd7 Rxb2 30. Rd2 Rb4 31. g3 b6 32. Bc6 Rc8 33. Bd7 Rf8 34. Rad1 Kf7 35. Bc6 Kg6 36. h4 h6 37. gxh6 gxh6 38. Kg2 Rf6 39. Be8+ Kg7 40. Be5 1-0